<?xml version="1.0" encoding="UTF-8"?>
<record
    xmlns:xsi="http://www.w3.org/2001/XMLSchema-instance"
    xsi:schemaLocation="http://www.loc.gov/MARC21/slim http://www.loc.gov/standards/marcxml/schema/MARC21slim.xsd"
    xmlns="http://www.loc.gov/MARC21/slim">

  <leader>01219nam0a22002531  4500</leader>
  <controlfield tag="001">rc\842844</controlfield>
  <controlfield tag="005">20260407140808.0</controlfield>
  <datafield tag="035" ind1=" " ind2=" ">
    <subfield code="a">(NLR Aleph) 006024094</subfield>
  </datafield>
  <datafield tag="090" ind1=" " ind2=" ">
    <subfield code="a">7458925</subfield>
    <subfield code="c">7458925</subfield>
  </datafield>
  <datafield tag="100" ind1=" " ind2=" ">
    <subfield code="a">20041129d1983    |||y0rusy50      ca</subfield>
  </datafield>
  <datafield tag="101" ind1="0" ind2=" ">
    <subfield code="a">rus</subfield>
  </datafield>
  <datafield tag="102" ind1=" " ind2=" ">
    <subfield code="a">RU</subfield>
  </datafield>
  <datafield tag="105" ind1=" " ind2=" ">
    <subfield code="a">a   |||||||||</subfield>
  </datafield>
  <datafield tag="200" ind1="1" ind2=" ">
    <subfield code="a">&#x41C;&#x435;&#x442;&#x43E;&#x434;&#x438;&#x447;&#x435;&#x441;&#x43A;&#x438;&#x435; &#x440;&#x435;&#x43A;&#x43E;&#x43C;&#x435;&#x43D;&#x434;&#x430;&#x446;&#x438;&#x438; &#x43F;&#x43E; &#x444;&#x438;&#x437;&#x438;&#x43A;&#x435; &#x434;&#x43B;&#x44F; &#x443;&#x447;&#x430;&#x449;&#x438;&#x445;&#x441;&#x44F;-&#x43C;&#x43E;&#x440;&#x44F;&#x43A;&#x43E;&#x432; IX &#x43A;&#x43B;&#x430;&#x441;&#x441;&#x430; &#x432;&#x435;&#x447;&#x435;&#x440;&#x43D;&#x435;&#x439; (&#x441;&#x43C;&#x435;&#x43D;&#x43D;&#x43E;&#x439;) &#x441;&#x440;&#x435;&#x434;&#x43D;&#x435;&#x439; &#x448;&#x43A;&#x43E;&#x43B;&#x44B; &#x441; &#x437;&#x430;&#x43E;&#x447;&#x43D;&#x43E;&#x439; &#x444;&#x43E;&#x440;&#x43C;&#x43E;&#x439; &#x43E;&#x431;&#x443;&#x447;&#x435;&#x43D;&#x438;&#x44F;</subfield>
    <subfield code="f">&#x41C;-&#x432;&#x43E; &#x43C;&#x43E;&#x440;. &#x444;&#x43B;&#x43E;&#x442;&#x430; &#x438; &#x434;&#x440;.</subfield>
    <subfield code="g">[&#x422;.&#x410;. &#x418;&#x43B;&#x44C;&#x438;&#x43D;&#x430;, &#x42F;.&#x41C;. &#x421;&#x430;&#x43C;&#x43E;&#x432;&#x43E;&#x43B;]</subfield>
  </datafield>
  <datafield tag="210" ind1=" " ind2=" ">
    <subfield code="a">&#x41C;.</subfield>
    <subfield code="c">&#x412;/&#x41E; "&#x41C;&#x43E;&#x440;&#x442;&#x435;&#x445;&#x438;&#x43D;&#x444;&#x43E;&#x440;&#x43C;&#x440;&#x435;&#x43A;&#x43B;&#x430;&#x43C;&#x430;"</subfield>
    <subfield code="d">1983</subfield>
  </datafield>
  <datafield tag="215" ind1=" " ind2=" ">
    <subfield code="a">94 &#x441;.</subfield>
    <subfield code="c">&#x438;&#x43B;.</subfield>
    <subfield code="d">20</subfield>
  </datafield>
  <datafield tag="300" ind1=" " ind2=" ">
    <subfield code="a">&#x412; &#x43D;&#x430;&#x434;&#x437;&#x430;&#x433;. &#x442;&#x430;&#x43A;&#x436;&#x435;: &#x413;&#x43B;. &#x443;&#x43F;&#x440;. &#x448;&#x43A;&#x43E;&#x43B; &#x41C;-&#x432;&#x430; &#x43F;&#x440;&#x43E;&#x441;&#x432;&#x435;&#x449;&#x435;&#x43D;&#x438;&#x44F; &#x421;&#x421;&#x421;&#x440;, &#x423;&#x43F;&#x440;. &#x43F;&#x43E; &#x440;&#x430;&#x431;&#x43E;&#x442;&#x435; &#x441; &#x43C;&#x43E;&#x440;&#x44F;&#x43A;&#x430;&#x43C;&#x438; &#x437;&#x430;&#x433;&#x440;&#x430;&#x43D;&#x43F;&#x43B;&#x430;&#x432;&#x430;&#x43D;&#x438;&#x44F; &#x41C;-&#x432;&#x430; &#x440;&#x44B;&#x431;. &#x445;&#x43E;&#x437;-&#x432;&#x430; &#x421;&#x421;&#x421;&#x420;</subfield>
  </datafield>
  <datafield tag="702" ind1=" " ind2="1">
    <subfield code="a">&#x418;&#x43B;&#x44C;&#x438;&#x43D;&#x430;</subfield>
    <subfield code="b">&#x422;.&#x410;.</subfield>
    <subfield code="4">220</subfield>
  </datafield>
  <datafield tag="712" ind1="0" ind2="1">
    <subfield code="a">&#x421;&#x421;&#x421;&#x420;</subfield>
    <subfield code="b">&#x41C;&#x438;&#x43D;&#x438;&#x441;&#x442;&#x435;&#x440;&#x441;&#x442;&#x432;&#x43E; &#x43C;&#x43E;&#x440;&#x441;&#x43A;&#x43E;&#x433;&#x43E; &#x444;&#x43B;&#x43E;&#x442;&#x430;</subfield>
    <subfield code="3">RU\NLR\AUTH\8810007915</subfield>
    <subfield code="9">513534</subfield>
  </datafield>
  <datafield tag="801" ind1=" " ind2="0">
    <subfield code="a">RU</subfield>
    <subfield code="b">NLR</subfield>
    <subfield code="g">psbo</subfield>
  </datafield>
  <datafield tag="801" ind1=" " ind2="1">
    <subfield code="a">RU</subfield>
    <subfield code="b">ELAR</subfield>
    <subfield code="2">rusmarc</subfield>
  </datafield>
  <datafield tag="852" ind1=" " ind2=" ">
    <subfield code="a">NLR</subfield>
    <subfield code="j">84-4/282</subfield>
  </datafield>
  <datafield tag="942" ind1=" " ind2=" ">
    <subfield code="c">BOOK</subfield>
  </datafield>
  <datafield tag="980" ind1=" " ind2=" ">
    <subfield code="a">NB</subfield>
  </datafield>
  <datafield tag="995" ind1=" " ind2=" ">
    <subfield code="5">2013-10-26</subfield>
    <subfield code="b">NLR01</subfield>
    <subfield code="c">NLR01</subfield>
    <subfield code="e">RF9</subfield>
    <subfield code="f">6024094-10</subfield>
    <subfield code="k">84-4/282</subfield>
    <subfield code="o">0</subfield>
    <subfield code="r">BOOK</subfield>
    <subfield code="s">844282_</subfield>
  </datafield>
</record>
